Quiz de times de futebol da África #2 - Statistics

Estatísticas Gerais
  • Esse quiz foi jogado 8 vezes
  • A pontuação média é 4 de 8
Estatísticas das Respostas
Imagem Resposta % Correto
Blessing
71%
Interclube
71%
Espérance
57%
Primeiro de Agosto
57%
Tanganyika
57%
FAR
43%
SE Lupopo
29%
Simba Kolwezi
29%
Nenhum quiz correspondente encontrado
Distribuição das Pontuações
Porcentagem de Pessoas com Cada Pontuação
Percentil de Números Respondidos
Sua Pontuação Histórica
Você não jogou esse quiz